Correspondance de l'alphabet latin à l'alphabet grec - Statistiques

Statistiques générales
  • Ce quiz a été pris 47 fois
  • Le résultat moyen est 17 sur 24
Statistiques - réponses
Hint Réponse % Correct
α a
100%
β/ϐ b
100%
ε é
100%
κ k/c
93%
τ t
93%
υ y/u
93%
ο o
90%
δ d
88%
π p
88%
ι i
85%
γ g
83%
λ l
80%
μ m
78%
ρ r
78%
σ/ς s
73%
φ ph
63%
ω ô
61%
ν n
56%
θ th
49%
η è
46%
ψ ps
46%
χ ch
32%
ξ x
29%
ζ dz
27%
Aucun quiz correspondant
Distribution des résultats
% des personnes avec chaque résultat
Percentile par nombre de réponses
Votre historique - résultats
Vous n’avez pas pris ce quiz